| 000 | 00423nam a2200133Ia 4500 | ||
|---|---|---|---|
| 008 | 160809s9999 xx 000 0 und d | ||
| 100 | _aDogˇan, Berat. | ||
| 245 | _aModified Vortex Search Algorithm for Real Parameter Optimization | ||
| 245 | _cBerat Dogˇan. | ||
| 260 | _bComputer Science and Information Technology | ||
| 260 | _cMayo-16 | ||
| 650 | _xINFORMATION TECHNOLOGY | ||
| 856 | _uhttp://airccse.org/V6N53.html | ||
| 999 |
_c300108 _d300108 |
||